Statistics for Top Ten Grape Producing Countries in the World

Click here to take the quiz!

General Stats

  • This quiz has been taken 150 times
  • The average score is 8 of 10

Answer Stats

RankProduction (Tons)Answer% Correct
36,220,360USA
99%
55,848,960France
98%
27,787,800Italy
96%
46,107,200Spain
94%
18,651,831China
87%
72,755,700Chile
81%
82,616,610Argentina
76%
92,263,100India
72%
64,255,000Turkey
66%
102,255,670Iran
39%

Score Distribution

Percentile by Number Answered

Percent of People with Each Score

Your Score History

You have not taken this quiz